| 000 | 00905nas a2200289 4500 | ||
|---|---|---|---|
| 001 | BR0101023 | ||
| 003 | BR-BrBNA | ||
| 005 | 20231205102128.0 | ||
| 007 | ta | ||
| 008 | 230509b bl.|||p| |||| 00| 00por d | ||
| 040 |
_aBR-BrBNA _bpor _cBiblioteca Nacional de Agricultura |
||
| 041 | _a(Pt) | ||
| 072 | _aF30 | ||
| 100 | 1 | _aFreitas, L.H.C. de | |
| 100 | 1 | _aSchifino-Wittmann, M.T. | |
| 100 | 1 | _aPaim, N.R. | |
| 245 | 1 | _aVariabilidade isoenzimatica de uma populacao de hibridos entre Leucaena leucocephala e L. diversifolia (Leguminosae) | |
| 650 | _aLeucaena | ||
| 650 | _aAtividade Enzimica | ||
| 650 | _aPlanta Forrageira | ||
| 650 | _aHibrido | ||
| 650 | _aVariacao Genetica | ||
| 650 | _aPopulacao de Planta | ||
| 773 | 0 |
_tRevista Cientifica Rural (Brazil) _xISSN 1413-8263 _g(2000), v. 5(1) p. 134-141 _wBR0101023 |
|
| 909 |
_a202311 _bLúcia _c55 _dLúcia Elande |
||
| 942 |
_2AGRIS _n0 _cANA |
||
| 999 |
_c165897 _d165897 |
||